Answers to your end-time questions. (Record no. 17852)

000 -LEADER
fixed length control field 00559nam a22001937a 4500
003 - CONTROL NUMBER IDENTIFIER
control field OkBaRHE
005 - DATE AND TIME OF LATEST TRANSACTION
control field 20120128122651.0
008 - FIXED-LENGTH DATA ELEMENTS--GENERAL INFORMATION
fixed length control field 110517t xxu||||| |||| 00| 0 eng d
040 ## - CATALOGING SOURCE
Transcribing agency
050 ## - LIBRARY OF CONGRESS CALL NUMBER
Classification number BV 4501.2
Item number .W37 A5
100 ## - MAIN ENTRY--PERSONAL NAME
Personal name Ward, C. M.
9 (RLIN) 1117
245 ## - TITLE STATEMENT
Title Answers to your end-time questions.
246 ## - VARYING FORM OF TITLE
Title proper/short title Answers to your endtime questions.
246 ## - VARYING FORM OF TITLE
Title proper/short title Answers to your end time questions.
300 ## - PHYSICAL DESCRIPTION
Extent 32 p.
Dimensions 19 cm.
500 ## - GENERAL NOTE
General note questions on various subjects answered
650 ## - SUBJECT ADDED ENTRY--TOPICAL TERM
Topical term or geographic name as entry element Christian life
General subdivision Miscellanea.
9 (RLIN) 1213
942 ## - ADDED ENTRY ELEMENTS (KOHA)
Source of classification or shelving scheme
Koha item type Books
Copies
Shelving location Koha item type Damaged status Barcode Withdrawn status Full call number Lost status Date last seen Permanent Location Not for loan Copy number Source of classification or shelving scheme Date acquired Current Location Price effective from
General StacksBooks 22003 BV 4501.2 .W37 A5 2012-01-28RHEMA Bible Training College 1 2011-05-17RHEMA Bible Training College2011-05-17